Famosos #2 - Statistics

Estatísticas Gerais
  • Esse quiz foi jogado 341 vezes
  • A pontuação média é 10 de 15
Estatísticas das Respostas
Imagem Resposta % Correto
Leonardo DiCaprio
97%
Will Smith
97%
Zendaya
94%
Tom Cruise
83%
Jennifer Aniston
79%
Sandra Bullock
71%
Julia Roberts
69%
Jim Carrey
68%
Megan Fox
68%
Justin Timberlake
62%
Tom Hanks
61%
Cameron Diaz
48%
Nicole Kidman
44%
Natalie Portman
41%
Richard Gere
26%
Nenhum quiz correspondente encontrado
Distribuição das Pontuações
Porcentagem de Pessoas com Cada Pontuação
Percentil de Números Respondidos
Sua Pontuação Histórica
Você não jogou esse quiz